000 00415nam a2200181Ia 4500
001 10338
005 20260306161825.0
008 260306t1990||||xx |||||||||||||| ||spa||
041 _aESP
082 _a920.02
_bM26
100 _aMarkus, Georg
_eAUT
245 0 _aFreud el misterio del alma
260 _c1990
300 _a329 páginas :
_ccm.
650 _aGEN
654 _aCHU
942 _cLIB
_dJUS
_fJUS
_2ddc
_n
999 _c10338
_d10338